The path of empire

Αποθηκεύτηκε σε:
Λεπτομέρειες βιβλιογραφικής εγγραφής
Κύριος συγγραφέας: Croft, Henry Page 1881-1947
Μορφή: Βιβλίο
Γλώσσα:English
Δημοσίευση: London : Routledge/Thoemmes Press, c1998
Σειρά:Ideals of empire ; ; 5
Θέματα:
Ετικέτες: Προσθήκη ετικέτας
Δεν υπάρχουν, Καταχωρήστε ετικέτα πρώτοι!

MARC

LEADER 00000nam a2200000 i 4500
001 1/33423
008 030228s1998 eng d
020 |a 0415194679 (set) 
035 |l 10069510 
040 |a GR-MY-UA  |b gre  |e aacr 
041 0 |a eng 
082 0 |a 325.320941 
100 1 |a Croft, Henry Page  |d 1881-1947. 
245 1 4 |a The path of empire /  |c Henry Page Croft ; with a new introduction by Ewen Green 
260 |a London :   |b Routledge/Thoemmes Press,   |c c1998 
300 |a xi, 118 p.;  |c 22 cm. 
490 1 |a Ideals of empire  |v ; 5 
500 |a Originally published: London: J. Murray, 1912. With new introd. 
650 0 0 |a Imperial federation. 
650 0 0 |a Imperialism. 
651 0 |a Great Britain  |x Colonies. 
651 0 |a Great Britain  |x Colonies  |x Administration. 
651 0 |a Great Britain  |x Colonies  |x Economic policy. 
651 0 |a Great Britain  |x Foreign relations  |y 1901-1910. 
830 0 |a Ideals of empire ;  |v ; 5 
852 |a INST  |b LESVOS  |e 20030228  |h 325.320941 CRO  |p 005100024728  |q 005100024728  |t BK  |y 0 
901 |a BIBL1-2003-1 
909 |a Λ  |b 103009 
922 |a 1ΕΛΗ  |b 200211  |c ΕΠΕΑΕΚ2/ΤΚΑ  |d ΠΑΠΑΣΩΤΗΡΙΟΥ & ΕΛΕΥΘΕΡΟΥΔΑΚΗΣ 
950 |a 117-2002-09-20 
970 |a ΧΡΙΣΤΟΦΑ  |b ΝΙΚΗ  |z 2003/02/28